00908nam a2200265 450000100060000000300080000600500170001400800410003102000150007203500140008704000320010104100080013308200220014110000390016324500860020226000350028830000210032335000090034450000260035350400400037965000350041994200120045499900170046695201590048334255BD-RjUL20211209052128.0140514s1968 enkabe b 001 0 eng d a0269670270 a(BD-RjUL) aDLCcDLCdDLCdBD-RjULbeng aeng00a711.409bMOM 19682 aMoholy-Nagy, Sibyl,d1905-910385110aMatrix of man:ban illustrated history of urban environment /cSibyl Moholy-Nagy. aLondon :bPall Mall P.,c1968. a317 p. ;c27 cm. a90/- aMap on lining papers. aBibliography: p. 304-308. and Index 0aCity planningxHistory.951868 2ddccBK c34255d34255 00102ddc40708NFICaRUCLbRUCLcStackd1973-10-09eParagon enterprises ltd. Dhakag99.00l0o711.409 MOM 1968r2014-05-14 00:00:00tC-2w2014-05-14yBK